000 00647nam a2200277Ia 4500
005 20260320195758.0
008 008 262003s9999 xx 000 0 hin d
020 _a9788195948420
037 _aEBOOK
040 _aCRL
040 _bhin
040 _cCRL
041 _2hin
041 _ahin
084 _qCRL
100 _aयतीश कुमार
_91132853
245 0 _aआविर्भाव
250 _a3rd
260 _bRajkamal
260 _c2023
300 _a176
856 _uhttps://ebook.indiaread.in/pdfs/aavirbhav_by_yatish_kumar.pdf
942 _cEBOOK
999 _c1716456
_d1716456